Państwa po kawałkach flag #6 - Statystyki

Ogólne statystyki
  • Ten quiz został rozwiązany 4 727 razy
  • Średni wynik to 12 z 16
Statystyki odpowiedzi
Obrazkowy Hint Odpowiedź % Poprawnych
Czechy
100%
Włochy
99%
Słowacja
97%
Litwa
91%
Kuba
85%
Liechtenstein
80%
Bahrajn
78%
Kirgistan
78%
Libia
74%
Brunei
70%
Liberia
70%
Mikronezja
66%
Erytrea
65%
jest to bandera wojenna Peru
62%
Vanuatu
51%
Oman
39%
Nie znaleziono quizów pasujących do podanych kryteriów
Rozkład punktacji
Procent ludzi z każdym wynikiem
Percentyl według liczby udzielonych odpowiedzi
Twoja historia wyników
Nie rozwiązałeś tego quizu